00586cam a2200193ua 450000100060000000800390000604000090004504100120005408200120006610000210007824500610009925000090016026000530016930000160022250000910023865300140032970000310034370000180037422018160216n2012 II |||frmmmmZ001|0|eng aMAIN aEnglish a370 SEJ aSEJWAL, PREETHI. aENCYCLOPAEDIA OF PYCHOLOGY : ABNORMAL PSYCHOLOGY (Vol-2) a1ST. aNEW DELHIbCRESENT PUBLICATION COOPERATIONc2012 a277:c20CM. aMRP BOOK - Minor Research Project by Dr. Rantu Gohain, Education Deptt, SGC,03-05-2016 aEducation aSEJWAL, PREETHI.,eAuthor. aARORA, MEGNA.